000 00251nam a2200097Ia 4500
001 1196396
005 20250827021806.0
008 250824s9999 xx 000 0 und d
245 0 _aŞEYTAN AYRINTIDA GİZLİ
_cAHMET ÜMİT
260 _bEVEREST YAYINLARI
999 _c1196396
_d1196396